000 01353naa a22003977a 4500
001 BR9400067
003 BR-BrBNA
005 20250721155448.0
007 ta
008 250630b bl.|||m| |||| 00| 0 por d
040 _aBR-BrBNA
_bpor
_cBiblioteca Nacional de Agricultura
041 _a(Pt)
072 _aF30; F06
_b0180
090 _aF30 BR9400067
100 1 _aStaut, L.A.
100 1 _aMesquita, A.N. de
100 1 _aFogli, M. da G.R.
100 1 _aBoldt, A.F.
100 1 _aSilva, E.C. da
100 1 _aLopes, R.
111 1 _a5. Reuniao da Comissao Centro-Sul-Brasileira de Pesquisa de Trigo
_cCornelio Procopio, MS (Brazil)
_d23-27 Jan 1989
245 1 _aEnsaio intermediario de trigo irrigado
500 _aResultados de pesquisa com trigo - 1988 Dourados, MS (Brasil): 1989. p. 67-70 (BR9400067-AMS)
773 0 _tResultados de pesquisa com trigo - 1988
_wF30 BR9400067
_gDourados, MS (Brasil), 1989. p. 67-70
650 _aTrigo
650 _aGrao
650 _aVariedade
650 _aRendimento
650 _aIrrigacao
650 _aCaracteristicas Agronomicas
650 _aLinhagem
650 _aMato Grosso do Sul
490 _aDocumentos - Unidade de Execucao de Pesquisa de Ambito Estadual de Dourados (Brazil)
_vno. 39
_xISSN 0102-5651
942 _cAMS
_2AGRIS
909 _a202506
_bLúcia
_c55
_dLúcia Elande
999 _c336637
_d336637